THE KILN/ (Record no. 203233)

MARC details
000 -LEADER
fixed length control field 00564nam a22001937a 4500
005 - DATE AND TIME OF LATEST TRANSACTION
control field 20240524143154.0
010 ## - LCCN (DPL NO)
LC control number ENG-140500
020 ## - INTERNATIONAL STANDARD BOOK NUMBER
Terms of availability 200.00
037 ## - SOURCE OF ACQUISITION
Source of stock number/acquisition DBAD/PUB
082 ## - DEWEY DECIMAL CLASSIFICATION NUMBER
Classification number N
100 ## - MAIN ENTRY--PERSONAL NAME
Personal name Sail, Mahabaleshwar
245 ## - TITLE STATEMENT
Title THE KILN/
Remainder of title By Mahabaleshwar Sail
Medium ENGLISH
260 ## - PUBLICATION, DISTRIBUTION, ETC. (IMPRINT)
Place of publication, distribution, etc Mangalore
Name of publisher, distributor, etc Konkani Language & Cultural Foundation
270 ## - ADDRESS
Address World Konkani Centre, Konkani Gaon, Shaktinagar, Mangalore- 575016
300 ## - PHYSICAL DESCRIPTION
Extent 132p
Dimensions 22 cm .(pbk)
500 ## - GENERAL NOTE
General note Includes Notes
700 ## - ADDED ENTRY--PERSONAL NAME
Personal name Pai, Vidya
9 (RLIN) 66850
942 ## - ADDED ENTRY ELEMENTS (KOHA)
Source of classification or shelving scheme Dewey Decimal Classification
Item type English Books
Classification part N
Call number suffix SAI
Holdings
Withdrawn status Lost status Not for loan Collection code Home library Current library Date acquired Source of acquisition Cost, normal purchase price Full call number Barcode Cost, replacement price Koha item type
      Fiction Central Jail Tihar Central Jail Tihar 24/05/2024 DBAD 200.00 N SAI EN-124032 200.00 English Books

© Delhi Public Library
Hit Counter
free hit counter